000 00928nam a22002897a 4500
001 0007796
003 KOHA_MİRAKIL
005 20260207001611.0
007 ta
008 091005b1997 tu |||gr||||#||||0|tur |
040 _aTR-BiSEU
_btur
_cTR-BiSEU
_erda
041 0 _atur
044 _ctu
050 _aHF5658.5
_b.H33 1997
100 1 _aHacırüstemoğlu, Rüstem.
245 1 _aEnflasyon muhasebesi uygulamaları :
_b(Türkiye muhasebe standartları-2 :
_byüksek enflasyon dönemlerinde finansal raporlama)/
_cRüstem Hacırüstemoğlu ; Rüstem Hacırüstemoğlu.
264 1 _aİstanbul :
_b[y. y.]
_c1997
300 _a156 sayfa: tablo
336 _ametin
_btxt
_2rdacontent
337 _aaracısız
_bn
_2rdamedia
338 _acilt
_bnc
_2rdacarrier
500 _aKaynakça var.
650 0 _aMuhasebe Hukuku.
_95667
650 0 _aMuhasebe.
_92513
650 0 _aEnflasyon Muhasebe.
_95668
942 _2lcc
_cBK
999 _c7773
_d7773